Ländercodes von Ozeanien - Statistiken

Allgemein
  • Dieses Quiz wurde 62 mal gespielt
  • Das Durchschnittsergebnis liegt bei 12 aus 14
Antwortstatistiken
Länderkürzel Land % Korrekt
AU Australien
98%
FJ Fidschi
98%
KI Kiribati
93%
NZ Neuseeland
93%
TV Tuvalu
93%
NR Nauru
91%
FM Mikronesien
88%
PG Papua-Neuguinea
88%
TO Tonga
88%
VU Vanuatu
88%
MH Marshallinseln
86%
PW Palau
86%
SB Salomonen
81%
WS Samoa
71%
Keine übereinstimmenden Quizze gefunden
Verteilung der Resultate
Anzahl Personen mit jedem Resultat
Perzentil nach korrekt beantworteten Fragen
Ihre Resultats-Entwicklung
Sie haben dieses Quiz noch nicht gespielt